[Event "Sao Paulo Carnaval op"]
[Site "Sao Paulo"]
[Date "2025.03.02"]
[Round "4"]
[White "Jorge, Matheus Vetrone"]
[Black "Nobre, Jose Adalberto Barb"]
[Result "0-1"]
[WhiteElo "1800"]
[BlackElo "1630"]
[PlyCount "50"]
[EventDate "2025.03.01"]
[EventType "swiss (rapid)"]
[EventRounds "6"]
[EventCountry "BRA"]
[SourceTitle "CB10_2025"]
[SourceDate "2025.03.05"]
[SourceVersion "1"]
[SourceVersionDate "2025.03.05"]
[SourceQuality "1"]

1. f4 Nf6 2. Nf3 d5 3. g3 g6 4. Bg2 Bg7 5. 0-0 0-0 6. d3 c5 7. h3 Nc6 8. c3 Qc7 9. Qc2 Nh5 10. Kh2 e5 11. e4 exf4 12. gxf4 dxe4 13. Ng5 exd3 14. Qxd3 Bf5 15. Qf3 Rad8 16. Be3 h6 17. Ne4 Bxe4 18. Qxe4 Rfe8 19. Qf3 Rd3 20. Re1 Qe7 21. Bxc5 Qxe1 22. Qxd3 Nxf4 23. Qf3 Be5 24. Bf2 Ne2+ 25. Bg3 Qg1# 0-1